00545 a2200169 4500003000400000005001700004008004100021020001500062040000900077082001900086245003200105260003900137300000900176942004400185952012900229999001700358OSt20231223131731.0231223b |||||||| |||| 00| 0 eng d a8170551633 coclc a891.433bJAI/S aSABDA BADH /cVirendra Jain aNew Delhi:bVani Prakashan,c2007. a144p 2ddccBKh891.433iJAI/Sk891.433mJAI/S 00102ddc40708FICaMESbMEScHINd2023-12-23l0o891.433 JAI/Sp43184r2023-12-23 13:16:51v175.00w2023-12-23yBKzGR7R1 c43550d43550